Movie Plot Haikus Quiz Stats

 Plays Quiz Updated Dec 1, 2017

Support Sporcle.
Go Orange.
Score 0/20 Timer 06:00
6 Plays Today
Haiku Movie % Correct
Hobbit gets a ring / Simply walks into Mordor / Has hairy feet. Ew.The Lord Of The Rings Trilogy
96.2%
Alien phones home / Long distance charges apply / Don't want to see bill.E.T. The Extra-Terrestrial
94%
Swimmer gets eaten / 'Gonna need a bigger boat' / Man, I love Shark Week!Jaws
92.2%
Guys fight slimy ghosts / Toast a giant marshmallow / Anyone for S'mores?Ghostbusters
89.4%
A pissed off T-Rex / A ripple in the water / 'Hold on to your butts.'Jurassic Park
88.2%
The Don wants movie / An offer he can't refuse / Wakes up happy? Neigh.The Godfather
82.9%
Was born with wrinkles / In first grade at sixty-five / Where does the time go?The Curious Case Of Benjamin Button
82.3%
A little boy got / Carried away with balloons / Wasn't in attic.Up
81.3%
Too old for college / Three men start fraternity / Want to curse? Earmuffs!Old School
65.8%
D: It is written / 'Is that your final answer?' / Everybody dance!Slumdog Millionaire
62.8%
Haiku Movie % Correct
Tricked in a chat room / Now I see in green numbers / Should get that checked out.The Matrix
60.6%
I searched far and wide / All I got was this lousy / Head inside a box.Se7en
56.3%
Was wrongly accused / Came out clean on other side / Help me sand this boat.The Shawshank Redemption
55.5%
In a galaxy / far, far away; rebel fleet / Ackbar: It's a trap!Star Wars Episode VI Return Of The Jedi
52.8%
A trip into space / 'Open the pod bay doors, Hal.' / Great, I'm a baby.2001: A Space Odyssey
49.7%
Oil tycoon goes nuts / Showdown in bowling alley / Who wants a milkshake?There Will Be Blood
43.1%
Invisible man / Lots of soap, blood, and mayhem / Where do I sign up?Fight Club
40.3%
Sheriff off his game / Cannot catch sociopath / Joins AARP?No Country For Old Men
37%
You like to dance? No? / Me? Him? Me? Him? Me? Him? Me? / Don't hurt me, no more.A Night At The Roxbury
31.3%
U.F.O. breaks down / Man kicks out aliens 'cause / They don't pay the rent.District 9
17.5%

You're not logged in!

Compare scores with friends on all Sporcle quizzes.
OR
Log In

From the Vault

Themed Geography Grab Bag

by beforever

It would have to be a really big bag to fit a country inside it.
Remove Ads.
Support Sporcle.
Get the best of Sporcle when you Go Orange. This ad-free experience offers more features, more stats, and more fun while also helping to support Sporcle. Thank you for becoming a member.

Show Comments

Extras

Top Quizzes Today


Score Distribution

Your Account Isn't Verified!

In order to create a playlist on Sporcle, you need to verify the email address you used during registration. Go to your Sporcle Settings to finish the process.

Report this User

Report this user for behavior that violates our Community Guidelines.

Details: